| 000 | 00698nam a22002657a 4500 | ||
|---|---|---|---|
| 003 | UA-OsUOA | ||
| 001 | 27781 | ||
| 007 | ta | ||
| 008 | 20040913b un ||||| |||| 00| 0 ukr d | ||
| 100 | _aМяловицький А. В. | ||
| 700 | _aОганян Г. А. | ||
| 090 |
_a64.01 _bМ99 |
||
| 942 | _cBK | ||
| 040 |
_aUA-OsUOA _bukr _cUA-OsUOA _dUA-OsUOA |
||
| 245 |
_aКультура побуту - сила нації _bкнига корисних порад |
||
| 300 | _a350 с. | ||
| 955 | _a2 | ||
| 041 | _aukr | ||
| 080 | _a64.01 | ||
| 020 | _a966-524-102-8 | ||
| 260 |
_aК. _bУкраїна _c2001 |
||
| 044 | _aUA | ||
| 650 | 7 |
_a64 Домоведення _2UDC |
|
| 999 |
_c314133 _d314133 |
||